000 00446nam a2200133Ia 4500
008 260210s9999 xx 000 0 und d
024 _a14B-17-BS, 14B-16-BS & 12B-61-BS
082 _a005.74072 SHO
100 _aShoaib Ashraf, Hammad Tariq & ABdul Mannan Sabir
245 0 _aGenerator Fuel Consumption Monitoring System
260 _aKarachi:
_bUITU,
_c2014
600 _aComputer Science
650 _aBachelor of Computer Science (BS)
999 _c32276
_d32276